[Event "World Open"]
[Site "King of Prussia USA"]
[Date "2007.07.03"]
[EventDate "2007.06.28"]
[Round "6"]
[Result "1-0"]
[White "Dean Ippolito"]
[Black "Christian Tanaka"]
[WhiteElo "2437"]
[BlackElo "2106"]
[PlyCount "73"]

1. d4 Nf6 2. c4 g6 3. Nf3 Bg7 4. g3 O-O 5. Bg2 d6 6. O-O c5
7. Nc3 cxd4 8. Nxd4 a6 9. b3 Qc7 10. Bb2 Nc6 11. Rc1 Bd7
12. Nd5 Qd8 13. Nxf6 Bxf6 14. Nxc6 Bxc6 15. Bxf6 exf6 16. Qd4
Qe7 17. Rc2 Rfd8 18. Rd1 Rd7 19. Rcd2 Bxg2 20. Kxg2 Rad8
21. Kg1 Qe5 22. c5 d5 23. e4 Kf8 24. exd5 Qxd4 25. Rxd4 f5
26. d6 Kg7 27. b4 Kf6 28. a4 Rc8 29. Rc4 Ke6 30. Rc2 h6
31. Kf1 g5 32. Re2 Kf6 33. a5 Kg6 34. Re7 Rcd8 35. Rxd7 Rxd7
36. b5 axb5 37. a6 1-0

[Event "World Open"]
[Site "King of Prussia USA"]
[Date "2007.07.03"]
[EventDate "2007.06.28"]
[Round "7"]
[Result "1-0"]
[White "Sergey Erenburg"]
[Black "Dean Ippolito"]
[WhiteElo "2610"]
[BlackElo "2437"]
[PlyCount "71"]

1. e4 c5 2. Nf3 e6 3. d4 cxd4 4. Nxd4 Nf6 5. Nc3 Nc6 6. Ndb5
d6 7. Bf4 e5 8. Bg5 a6 9. Na3 b5 10. Nd5 Be7 11. Bxf6 Bxf6
12. c3 Bg5 13. Nc2 O-O 14. a4 bxa4 15. Rxa4 a5 16. Bc4 Rb8
17. Ra2 Kh8 18. Nce3 g6 19. h4 Bxh4 20. g3 Bg5 21. f4 exf4
22. gxf4 Bh4 23. Kf1 f5 24. b4 Rb7 25. Ba6 Rxb4 26. Bxc8 Rxe4
27. Ba6 g5 28. Rah2 Ne7 29. Bd3 Re6 30. fxg5 Ng6 31. Ng2 Qa8
32. Nxh4 Qxd5 33. Nxg6 Rxg6 34. Rxh7 Kg8 35. Rh8 Kf7 36. R1h7
1-0

[Event "World Open"]
[Site "Philadelphia USA"]
[Date "2008.07.02"]
[EventDate "2008.07.02"]
[Round "1"]
[Result "1/2-1/2"]
[White "Seth Homa"]
[Black "Dean Ippolito"]
[WhiteElo "2243"]
[BlackElo "2445"]
[PlyCount "135"]

1. e4 e5 2. Nf3 Nf6 3. Nxe5 d6 4. Nf3 Nxe4 5. d4 d5 6. Bd3 Bd6
7. O-O O-O 8. Nc3 Nxc3 9. bxc3 Bg4 10. h3 Bh5 11. Rb1 b6
12. c4 c6 13. Re1 Nd7 14. Be3 Re8 15. cxd5 cxd5 16. c4 dxc4
17. Bxc4 Nf6 18. Qb3 Rc8 19. Rbc1 Re7 20. Nh4 Bg6 21. Nxg6
hxg6 22. Ba6 Rxc1 23. Rxc1 Bc7 24. g3 Ne4 25. Bb7 Nd6 26. Bg2
Nf5 27. Bg5 Nxd4 28. Qd3 Ne2+ 29. Qxe2 Rxe2 30. Bxd8 Bxd8
31. Rc8 Re1+ 32. Bf1 Rd1 33. Kg2 Kf8 34. Bc4 Rd4 35. Kf3 Ke7
36. Ke3 Rd7 37. f3 g5 38. a4 Kf6 39. Rc6+ Ke7 40. Bb5 Rd5
41. Ke4 Rd1 42. f4 gxf4 43. Kxf4 a6 44. Bxa6 Rd4+ 45. Ke3 Rxa4
46. Bd3 Kd7 47. Rg6 fxg6 48. Bb5+ Ke6 49. Bxa4 Bc7 50. g4 Kd5
51. Kd3 Kc5 52. Be8 g5 53. Kc3 Kd5 54. Kb4 Bd6+ 55. Kb5 Bc5
56. Bd7 Kd4 57. Bc8 Ke3 58. Bd7 Kf4 59. Bc8 Kg3 60. Bd7 Kxh3
61. Be6 Kg3 62. Bf5 g6 63. Bd7 Kf4 64. Be6 Ke5 65. Bd7 Kf6
66. Be8 Bf2 67. Kc4 Be3 68. Kb5 1/2-1/2

[Event "World Open"]
[Site "Philadelphia USA"]
[Date "2008.07.03"]
[EventDate "2008.07.02"]
[Round "2"]
[Result "1-0"]
[White "Dean Ippolito"]
[Black "Boris Reichstein"]
[WhiteElo "2445"]
[BlackElo "2165"]
[PlyCount "45"]

1. d4 Nf6 2. c4 e6 3. Nc3 Bb4 4. Qc2 c5 5. dxc5 Na6 6. a3 Qa5
7. Bd2 Nxc5 8. O-O-O Bxc3 9. Bxc3 Qa4 10. Qxa4 Nxa4 11. Be5 b6
12. f3 Ba6 13. e4 Rc8 14. b3 Nc5 15. Kb2 Bb7 16. Ne2 Bc6
17. b4 Na4+ 18. Kb3 b5 19. Nd4 bxc4+ 20. Bxc4 Nb6 21. Nxc6
Nxc4 22. Nxa7 Ra8 23. Bd4 1-0

[Event "World Open"]
[Site "Philadelphia USA"]
[Date "2008.07.06"]
[EventDate "2008.07.02"]
[Round "8"]
[Result "1-0"]
[White "Dean Ippolito"]
[Black "Warren Harper"]
[WhiteElo "2445"]
[BlackElo "2294"]
[PlyCount "57"]

1. d4 Nf6 2. c4 e6 3. Nc3 Bb4 4. Qc2 Nc6 5. Nf3 d6 6. Bg5 h6
7. Bd2 e5 8. a3 Bxc3 9. Bxc3 Qe7 10. d5 Nb8 11. e4 O-O 12. Be2
Nh7 13. g3 a5 14. b3 Nd7 15. O-O g6 16. Nh4 Ng5 17. f3 Nf6
18. Kh1 Kh7 19. Rae1 Bd7 20. Bd3 a4 21. b4 Rae8 22. f4 exf4
23. e5 dxe5 24. Rxe5 Qd8 25. Bxg6+ Kg8 26. gxf4 Rxe5 27. fxe5
Ng4 28. e6 Be8 29. Bxf7+ 1-0

[Event "World Open"]
[Site "Philadelphia USA"]
[Date "2008.07.06"]
[EventDate "2008.07.02"]
[Round "9"]
[Result "1/2-1/2"]
[White "Daniel Ludwig"]
[Black "Dean Ippolito"]
[WhiteElo "2394"]
[BlackElo "2445"]
[PlyCount "23"]

1. e4 c5 2. Nf3 e6 3. d4 cxd4 4. Nxd4 Nf6 5. Nc3 Nc6 6. Ndb5
d6 7. Bf4 e5 8. Bg5 a6 9. Na3 b5 10. Nd5 Be7 11. Bxf6 Bxf6
12. c4 1/2-1/2

[Event "US Chess League"]
[Site "ICC INT"]
[Date "2008.10.22"]
[EventDate "2008.10.22"]
[Round "9"]
[Result "1-0"]
[White "Bruci Lopez"]
[Black "Dean Ippolito"]
[WhiteElo "2414"]
[BlackElo "2430"]
[PlyCount "75"]

1. e4 c5 2. Nf3 e6 3. d4 cxd4 4. Nxd4 Nf6 5. Nc3 Nc6 6. Ndb5
d6 7. Bf4 e5 8. Bg5 a6 9. Na3 b5 10. Nd5 Be7 11. Bxf6 Bxf6
12. c3 Bg5 13. Nc2 O-O 14. a4 bxa4 15. Rxa4 a5 16. Bc4 Rb8
17. b3 Kh8 18. h4 Bh6 19. Qe2 f5 20. exf5 Bxf5 21. g4 Bxc2
22. Qxc2 e4 23. g5 Bxg5 24. hxg5 Qxg5 25. Qxe4 g6 26. Ne3 Ne5
27. Bd5 Rf4 28. Qc2 Rxa4 29. bxa4 Qf6 30. Qe4 Rf8 31. Qh4 Qg7
32. Ke2 Qa7 33. Rb1 Qa6+ 34. c4 g5 35. Qh6 Rxf2+ 36. Kxf2 Ng4+
37. Nxg4 Qb6+ 38. Ne3 1-0

[Event "United States Chess League"]
[Site "Internet Chess Club"]
[Date "2008.10.01"]
[EventDate "2008.??.??"]
[Round "6"]
[Result "0-1"]
[White "Enkhbat Tegshsuren"]
[Black "Dean Ippolito"]
[WhiteElo "2446"]
[BlackElo "2500"]
[PlyCount "129"]

1. d4 d5 2. c4 e6 3. Nf3 Nf6 4. g3 dxc4 5. Bg2 Nc6 6. Qa4 Bb4+
7. Bd2 Nd5 8. Bxb4 Ndxb4 9. O-O Rb8 10. Nc3 a6 11. Ne5 O-O
12. Bxc6 Nxc6 13. Nxc6 bxc6 14. Qxc4 Qd6 15. Ne4 Qd5 16. Qc2
e5 17. dxe5 Qxe5 18. Nc3 Bh3 19. Rfd1 f5 20. Rd3 f4 21. gxf4
Qh5 22. Qc1 Rb4 23. e4 Rd4 24. Rg3 Rfd8 25. f5 Kh8 26. f3 Rd2
27. Nd5 Qh6 28. Rxh3 Qxh3 29. Qxd2 cxd5 30. Qg5 Re8 31. f6 Qd7
32. Qxd5 Qxd5 33. exd5 gxf6 34. Rc1 Rd8 35. Rc5 Rd7 36. Kf2
Kg7 37. Ke3 Kg6 38. Kd4 Kf5 39. Rc6 a5 40. Ra6 h5 41. Kc4 h4
42. Rxa5 Kf4 43. Ra3 Rg7 44. Kc5 h3 45. Ra6 Rf7 46. Ra7 Kxf3
47. Ra8 Kg2 48. Rg8+ Kxh2 49. a4 f5 50. a5 f4 51. a6 f3 52. a7
f2 53. a8=Q f1=Q 54. Qa4 Qc1+ 55. Qc4 Qxb2 56. Qb4 Qf2+
57. Qd4 Qc2+ 58. Qc4 Rf2 59. Qxc2 Rxc2+ 60. Kb5 Kh1 61. Rg7 h2
62. Rg6 Rg2 63. Ra6 Rb2+ 64. Kc5 Kg1 65. Rf6 0-1

[Event "United States Chess League"]
[Site "Internet Chess Club"]
[Date "2008.09.24"]
[EventDate "2008.??.??"]
[Round "5"]
[Result "1/2-1/2"]
[White "Richard Costigan"]
[Black "Dean Ippolito"]
[WhiteElo "2288"]
[BlackElo "2500"]
[PlyCount "135"]

1. e4 c5 2. Nf3 e6 3. b3 Nf6 4. e5 Nd5 5. g3 Nc6 6. Bb2 Be7
7. Bg2 O-O 8. O-O d6 9. d4 cxd4 10. exd6 Qxd6 11. Nxd4 Nxd4
12. Bxd4 Rd8 13. Bb2 Qc7 14. Qe2 Bf6 15. Bxf6 Nxf6 16. Na3 Bd7
17. Rfd1 Bc6 18. c4 Qa5 19. Nb5 Bxg2 20. Kxg2 a6 21. Nd4 h6
22. Nf3 Qf5 23. Rd4 Rxd4 24. Nxd4 Qc5 25. Nc2 Rd8 26. Ne3 Qc6+
27. Qf3 Rd2 28. Qxc6 bxc6 29. Kf3 a5 30. a3 Rb2 31. b4 axb4
32. axb4 Rxb4 33. Ra8+ Kh7 34. Rc8 Nd7 35. Ke4 f5+ 36. Kd4 Rb6
37. Rc7 c5+ 38. Kc3 Rd6 39. Ng2 g5 40. Ne1 Kg6 41. Nd3 Kf6
42. Nxc5 Nxc5 43. Rxc5 Rd1 44. Rb5 Rh1 45. Rb2 Rxh2 46. c5 Rh1
47. Kc4 Rc1+ 48. Kb5 h5 49. c6 h4 50. gxh4 gxh4 51. f4 e5
52. fxe5+ Kxe5 53. Rh2 Kd5 54. Rd2+ Ke4 55. Rh2 Kd5 56. Rd2+
Ke5 57. Rh2 f4 58. Rxh4 f3 59. Rh2 Kf4 60. Rh8 f2 61. Rf8+ Ke3
62. Kb6 Rb1+ 63. Ka7 f1=Q 64. Rxf1 Rxf1 65. c7 Rc1 66. Kb7 Kd4
67. c8=Q Rxc8 68. Kxc8 1/2-1/2

[Event "New York International"]
[Site "New York"]
[Date "2008.06.21"]
[EventDate "?"]
[Round "2"]
[Result "1/2-1/2"]
[White "Dean Ippolito"]
[Black "Milos Scekic"]
[WhiteElo "2525"]
[BlackElo "2457"]
[PlyCount "66"]

1.d4 d5 2.c4 c6 3.Nf3 a6 4.Qc2 Nf6 5.Bf4 e6 6.Nbd2 Nbd7 7.e3
Be7 8.Bd3 c5 9.O-O O-O 10.Rac1 cxd4 11.exd4 dxc4 12.Nxc4 b5
13.Nd6 Bxd6 14.Bxd6 Re8 15.Ng5 Nf8 16.Be4 Nxe4 17.Qxe4 Ra7
18.Rxc8 Qxc8 19.Bxf8 f5 20.Qe3 Rxf8 21.d5 Re7 22.Nxe6 Qc4
23.Qg5 Rxe6 24.dxe6 Qxe6 25.a3 h6 26.Qd2 Re8 27.h3 Qe2 28.Qd5
Qe6 29.Qb7 Re7 30.Qa8 Kh7 31.Rc1 Qf6 32.b4 Qb2 33.Qc8 Rf7
1/2-1/2

[Event "Spice Cup (B Group)"]
[Site "Lubbock"]
[Date "2009.09.24"]
[EventDate "?"]
[Round "6"]
[Result "1/2-1/2"]
[White "Dean Ippolito"]
[Black "Daniel Rensch"]
[WhiteElo "2459"]
[BlackElo "2388"]
[PlyCount "102"]

1.d4 Nf6 2.c4 e6 3.Nc3 Bb4 4.g3 O-O 5.Bg2 d5 6.Nf3 Ne4 7.Qc2
Nc6 8.O-O Bxc3 9.bxc3 Na5 10.Ba3 Re8 11.Ne5 f6 12.cxd5 exd5
13.Bb4 c6 14.Qa4 fxe5 15.Bxa5 Qf6 16.c4 Be6 17.cxd5 Bxd5 18.f3
Nd6 19.e4 Bc4 20.dxe5 Qxe5 21.Rfc1 b5 22.Qd1 Re6 23.Kh1 Qh5
24.g4 Qf7 25.Qd4 Nb7 26.Be1 Rd6 27.Qf2 Rf8 28.Qxa7 Be2 29.Bb4
c5 30.Bxc5 Bxf3 31.Rf1 Nxc5 32.Qxf7 Rxf7 33.Bxf3 Rd2 34.Kg1
Nd3 35.Rad1 Ne5 36.Be2 Rxf1 37.Kxf1 Rxa2 38.Rd5 Nc4 39.Rxb5
Ne3 40.Kf2 Nxg4 41.Kf3 Nxh2 42.Ke3 Ra3 43.Kf4 g6 44.Rb7 h5
45.e5 g5 46.Kxg5 Nf3 47.Bxf3 Rxf3 48.e6 Kf8 49.Kxh5 Re3 50.e7
Rxe7 51.Rxe7 Kxe7 1/2-1/2

[Event "Spice Cup (B Group)"]
[Site "Lubbock"]
[Date "2009.09.21"]
[EventDate "?"]
[Round "3"]
[Result "1-0"]
[White "Gabor Papp"]
[Black "Dean Ippolito"]
[WhiteElo "2562"]
[BlackElo "2459"]
[PlyCount "93"]

1.e4 e5 2.Bc4 Nf6 3.d3 c6 4.Nf3 d5 5.Bb3 a5 6.a3 a4 7.Ba2 Bd6
8.exd5 Nxd5 9.O-O O-O 10.Re1 Qc7 11.Nbd2 Bg4 12.h3 Bh5 13.Ne4
Nd7 14.Ng3 Bg6 15.Nh4 Rfe8 16.Nxg6 hxg6 17.h4 N7f6 18.h5 Nxh5
19.Nxh5 gxh5 20.Qxh5 Nf4 21.Qf5 Ne6 22.Re4 Qe7 23.Qh3 Qf6
24.Rh4 g6 25.Rh7 Bc5 26.Be3 Ra5 27.Rf1 e4 28.dxe4 Qxb2 29.Bd2
Rb5 30.Bc3 Qxc3 31.Qxc3 Kxh7 32.Bc4 Bd4 33.Qd3 Bc5 34.Bxb5
cxb5 35.Qxb5 Re7 36.Qxa4 b6 37.Rd1 Ng5 38.Re1 f5 39.e5 Ne4
40.Rxe4 fxe4 41.Qxe4 Bxa3 42.Qh4 Kg7 43.Qf6 Kh6 44.f4 Bc5
45.Kf1 Kh7 46.g4 Rg7 47.c4 1-0

[Event "Spice Cup (B Group)"]
[Site "Lubbock"]
[Date "2009.09.21"]
[EventDate "?"]
[Round "4"]
[Result "0-1"]
[White "Dean Ippolito"]
[Black "Gergely Antal"]
[WhiteElo "2459"]
[BlackElo "2486"]
[PlyCount "110"]

1.Nf3 Nf6 2.c4 g6 3.g3 Bg7 4.d4 c6 5.Bg2 d5 6.Qb3 O-O 7.Nc3
Qb6 8.O-O Rd8 9.h3 Be6 10.c5 Qxb3 11.axb3 Na6 12.Bf4 Nd7 13.g4
f6 14.g5 fxg5 15.Nxg5 Bf7 16.Nxf7 Kxf7 17.Bxd5 cxd5 18.c6 Nb4
19.cxd7 Bxd4 20.Rad1 e5 21.Be3 Bxe3 22.fxe3 Ke6 23.e4 d4
24.Nd5 Nxd5 25.exd5 Kxd5 26.Rf7 Kd6 27.Rxh7 Rxd7 28.Rh6 Rg8
29.e3 Ke6 30.exd4 Rxd4 31.Rxd4 exd4 32.Kf2 Rg7 33.Ke2 Kd5
34.Kd2 Kc5 35.Kc2 g5 36.Rh8 Rf7 37.Rc8 Kb5 38.Rd8 Rf2 39.Kc1
Kc5 40.Rd7 b5 41.Rxa7 Kd5 42.Rb7 Ke4 43.Rxb5 Kd3 44.Kb1 Rg2
45.Re5 Rg1 46.Ka2 Kc2 47.b4 d3 48.Rc5 Kd1 49.b5 d2 50.b6 Ke2
51.Rc2 Rf1 52.b7 Rf8 53.Kb3 Ke1 54.Rxd2 Kxd2 55.Kc4 Rb8 0-1

[Event "Spice Cup (B Group)"]
[Site "Lubbock"]
[Date "2009.09.26"]
[EventDate "?"]
[Round "8"]
[Result "1/2-1/2"]
[White "Davorin Kuljasevic"]
[Black "Dean Ippolito"]
[WhiteElo "2547"]
[BlackElo "2459"]
[PlyCount "71"]

1.d4 d5 2.c4 e6 3.Nc3 Be7 4.cxd5 exd5 5.Bf4 c6 6.Qc2 Bd6
7.Bxd6 Qxd6 8.e3 Nf6 9.Bd3 O-O 10.Nf3 Re8 11.O-O Nbd7 12.Rae1
Nf8 13.Ne5 Ng4 14.f4 f6 15.Nxg4 Bxg4 16.Qf2 Rd8 17.a3 Bh5
18.h3 a6 19.Na4 Bg6 20.f5 Bf7 21.Nc5 Re7 22.b4 Rde8 23.Re2 Qc7
24.Rc1 Nd7 25.a4 Nxc5 26.Rxc5 b6 27.Rc1 Qd6 28.Qe1 b5 29.a5
Bh5 30.g4 Bf7 31.Rc5 h5 32.Qf2 Kf8 33.Kf1 Rc8 34.Ke1 Ke8
35.Kd2 Kd7 36.Qg2 1/2-1/2